Music Quiz

Random Music or Song Quiz

50 Songs By: The Cure Quiz Stats

 Plays Quiz not verified by Sporcle

Challenge
Share
Tweet
Embed
Score 0/50 Timer 10:00
3 Plays Today
% Correct
Boys Don't Cry
98.1%
Friday, I'm In Love
97.6%
Lovesong
96.2%
Inbetween Days
96.2%
Close To Me
95.8%
Lullaby
95.7%
Pictures Of You
95.5%
A Forest
95.4%
Just Like Heaven
94.6%
Disintegration
94.6%
Fascination Street
94.4%
10:15 Saturday Night
93.4%
Love Cats
93.1%
Let's Go To Bed
92.3%
Why Can't I Be You?
92%
A Letter To Elise
91.8%
Killing An Arab
91.4%
The Hanging Garden
90.9%
Three Imaginary Boys
90.6%
Plainsong
90.2%
The Caterpillar
90.2%
Mint Car
85.1%
Fire In Cairo
85%
High
84.6%
Jumping Someone Else's Train
84.6%
% Correct
A Strange Day
84.5%
The Walk
84.3%
Never Enough
83%
One Hundred Years
81.8%
All Cats Are Grey
81.8%
The Same Deep Water As You
81.6%
The Kiss
80.8%
Catch
80.8%
Prayers For Rain
80.3%
Siamese Twins
80.2%
Play For Today
76.3%
Primary
75.2%
Homesick
74.6%
Closedown
73.9%
Wrong Number
72.6%
Accuracy
72.3%
Other Voices
71.8%
Grinding Halt
70.1%
Last Dance
69.9%
The Figurehead
69.9%
Cut Here
69.1%
Push
68.3%
Cold
66.9%
Burn
66.2%
A Short Term Effect
65.9%

You're not logged in!

Compare scores with friends on all Sporcle quizzes.
Join for Free
OR
Log In

You Might Also Like...

Show Comments

Extras

Top Quizzes Today


Score Distribution

Your Account Isn't Verified!

In order to create a playlist on Sporcle, you need to verify the email address you used during registration. Go to your Sporcle Settings to finish the process.

Report this User

Report this user for behavior that violates our Community Guidelines.

Details: